You Have Thirty Seconds... Quiz Stats

 Plays Quiz Updated Jul 28, 2014

Support Sporcle.
Go Orange.
Score 0/30 Timer 00:30
0 Plays Today
% Correct
???
75.2%
???
75.1%
???
75.1%
???
75.1%
???
75.1%
???
75%
???
75%
???
75%
???
75%
???
75%
???
75%
???
75%
???
75%
???
75%
???
75%
% Correct
???
75%
???
75%
???
75%
???
75%
???
75%
???
75%
???
75%
???
74.9%
???
74.9%
???
74.9%
???
74.9%
???
74.9%
???
74.9%
???
74.9%
???
74.9%

You're not logged in!

Compare scores with friends on all Sporcle quizzes.
OR
Log In

From the Vault

Celebrities From Negatives

by hazelm

In this era of digital photography, there simply aren't as many negatives as there used to be.
Remove Ads.
Support Sporcle.
Get the best of Sporcle when you Go Orange. This ad-free experience offers more features, more stats, and more fun while also helping to support Sporcle. Thank you for becoming a member.

Show Comments

Extras

Top Quizzes Today


Score Distribution

Your Account Isn't Verified!

In order to create a playlist on Sporcle, you need to verify the email address you used during registration. Go to your Sporcle Settings to finish the process.

Report this User

Report this user for behavior that violates our Community Guidelines.

Details: